00247nam a2200109Ia 4500008004100000100001700041245002200058260001900080260000900099546001200108999001700120170619s9999 xx 000 0 und d aWidder David 0aAdvanced calculas bNew Delhi: PHI c1999 aENGLISH c16331d16331